Kieselguhr (diatomita) no Brasil, applicações, occorrencias e propriedades. (Record no. 27267)

MARC details
000 -LEADER
fixed length control field 00787cam a22002411 4500
001 - CONTROL NUMBER
control field gs 36000189
003 - CONTROL NUMBER IDENTIFIER
control field DLC
005 - DATE AND TIME OF LATEST TRANSACTION
control field 20260227111340.0
008 - FIXED-LENGTH DATA ELEMENTS--GENERAL INFORMATION
fixed length control field 781115s1935 xx 000 0 por
010 ## - LIBRARY OF CONGRESS CONTROL NUMBER
LC control number gs 36000189
035 ## - SYSTEM CONTROL NUMBER
System control number (OCoLC)4376362
040 ## - CATALOGING SOURCE
Original cataloging agency DLC
Transcribing agency OCl
Modifying agency DLC
041 0# - LANGUAGE CODE
Language code of text/sound track or separate title por
Language code of summary or abstract eng
042 ## - AUTHENTICATION CODE
Authentication code premarc
050 00 - LIBRARY OF CONGRESS CALL NUMBER
Classification number TN948.D5
Item number A2
100 1# - MAIN ENTRY--PERSONAL NAME
Personal name Abreu, Sylvio Fróes,
Dates associated with a name 1902-1972.
245 10 - TITLE STATEMENT
Title Kieselguhr (diatomita) no Brasil, applicações, occorrencias e propriedades.
260 ## - PUBLICATION, DISTRIBUTION, ETC.
Place of publication, distribution, etc. Rio de Janeiro,
Date of publication, distribution, etc. 1935.
300 ## - PHYSICAL DESCRIPTION
Extent 34 p.
Other physical details illus., plates, maps, diagrs., tables.
Dimensions 23 cm.
500 ## - GENERAL NOTE
General note At head of title: Ministerio do Trabalho, Industria e Commercio, Instituto Nacional de Technologia.
500 ## - GENERAL NOTE
General note Summary in English.
650 #0 - SUBJECT ADDED ENTRY--TOPICAL TERM
Topical term or geographic name entry element Diatomaceous earth.

No items available.

Powered by Koha